00358nam a22001217a 450000500170000002000220001703500220003903700130006110000200007424500660009426000530016030000230021320180803121758.0 a8123909594c00.00 aB-94732, B-094734 aDPLbENG aSingh, S. Nihal aBlood and sand :bThe west asian tragedy /cby S. Nihal Singh aNew DelhibCBS Publishers and Distributorsc2003 axi, 334p.c22 cms.